书目信息 |
| 题名: |
城市景观细部元素2000例
|
|
| 作者: | 董学君 , 董晓明 编 | |
| 分册: | 城市地景设施 | |
| 出版信息: | 大连 大连理工大学出版社 2014.01 |
|
| 页数: | 239页 | |
| 开本: | 29cm | |
| 丛书名: | ||
| 单 册: | ||
| 中图分类: | TU-856 | |
| 科图分类: | ||
| 主题词: | 建筑艺术--关系 | |
| 电子资源: | ||
| ISBN: | 7-5611-8337-2 | |
| 000 | 00714nam0 2200217 450 | |
| 001 | 15 | |
| 005 | 20160906085342.85 | |
| 010 | @a7-5611-8337-2@dCNY98.00 | |
| 100 | @a20160901d2014 km y0chiy0120 ea | |
| 101 | 0 | @achi |
| 200 | 1 | @a城市景观细部元素2000例@Acheng shi jing guan xi bu yuan su 2000 li@i城市地景设施@f董学君,董晓明编@Fdong xue jun,dong xiao ming bian |
| 210 | @a大连@c大连理工大学出版社@d2014.01 | |
| 215 | @a239页@d29cm | |
| 300 | @a光盘一张 | |
| 517 | 1 | @a城市地景设施@Acheng shi di jing she shi |
| 606 | 0 | @a建筑艺术@x关系 |
| 690 | @aTU-856@v4 | |
| 701 | 0 | @a董学君@Adong xue jun@4编 |
| 701 | 0 | @a董晓明@Adong xiao ming@4编 |
| 801 | 0 | @aCN@b唐山师范学院图书馆@c20160901 |
| 905 | @aZUCC@dTU-856@e124 | |
| 城市景观细部元素2000例.城市地景设施/董学君,董晓明编.-大连:大连理工大学出版社,2014.01 |
| 239页;29cm |
| 光盘一张 |
| ISBN 7-5611-8337-2:CNY98.00 |
| ● |
| 相关链接 |
|
|
|
|
正题名:城市景观细部元素2000例
索取号:TU-856/124
 
预约/预借
| 序号 | 登录号 | 条形码 | 馆藏地/架位号 | 状态 | 备注 |
| 1 | 900058 | 209000588 | 第二样本阅览室/ [索取号:TU-856/124] | 在馆 | |
| 2 | 900059 | 209000597 | 第三借阅区/ [索取号:TU-856/124] | 在馆 | |
| 3 | 900060 | 209000604 | 第三借阅区/ [索取号:TU-856/124] | 在馆 |